08茨城県の市町村 - Statistics

General Stats
  • This quiz has been taken 214 times
    210 since last reset
  • The average score is 28 of 44
Answer Stats
Answer % Correct
水戸市
98%
つくば市
96%
日立市
94%
土浦市
91%
つくばみらい市
89%
ひたちなか市
87%
鹿嶋市
82%
常陸太田市
80%
取手市
80%
北茨城市
78%
牛久市
78%
常陸大宮市
76%
かすみがうら市
75%
高萩市
74%
龍ケ崎市
73%
神栖市
72%
古河市
71%
守谷市
71%
石岡市
69%
笠間市
68%
筑西市
68%
常総市
66%
潮来市
64%
鉾田市
63%
結城市
61%
桜川市
61%
行方市
61%
小美玉市
61%
下妻市
60%
稲敷市
60%
坂東市
59%
那珂市
58%
稲敷郡阿見町
40%
東茨城郡大洗町
39%
猿島郡境町
39%
東茨城郡茨城町
38%
那珂郡東海村
38%
久慈郡大子町
38%
稲敷郡美浦村
38%
北相馬郡利根町
37%
猿島郡五霞町
36%
東茨城郡城里町
34%
稲敷郡河内町
33%
結城郡八千代町
33%
No matching quizzes found
Score Distribution
Percent of People with Each Score
Percentile by Number Answered
Your Score History
You have not taken this quiz since the last reset